The Holy Bible containing the old and new testaments : (Record no. 107359)
[ view plain ]
| 000 -LEADER | |
|---|---|
| fixed length control field | 00530nam a2200145 4500 |
| 005 - DATE AND TIME OF LATEST TRANSACTION | |
| control field | 20180906101517.0 |
| 008 - FIXED-LENGTH DATA ELEMENTS--GENERAL INFORMATION | |
| fixed length control field | 180906b ||||| |||| 00| 0 eng d |
| 040 ## - CATALOGING SOURCE | |
| Transcribing agency | PK-LaUMT |
| 082 ## - DEWEY DECIMAL CLASSIFICATION NUMBER | |
| Classification number | 220 |
| Item number | HOL- |
| 245 ## - TITLE STATEMENT | |
| Title | The Holy Bible containing the old and new testaments : |
| Remainder of title | translated out of the original tongues; and with tye former translations diligently compared and revised, by His Majesty's special command / |
| 260 ## - PUBLICATION, DISTRIBUTION, ETC. (IMPRINT) | |
| Place of publication, distribution, etc | Cambridge : |
| Name of publisher, distributor, etc | The University Press, |
| Date of publication, distribution, etc | 1847 |
| 300 ## - PHYSICAL DESCRIPTION | |
| Extent | 1014 p. |
| 650 ## - SUBJECT ADDED ENTRY--TOPICAL TERM | |
| Topical term or geographic name as entry element | Holy Bible |
| 942 ## - ADDED ENTRY ELEMENTS (KOHA) | |
| Koha item type | Books |
| Withdrawn status | Lost status | Damaged status | Home library | Current library | Date acquired | Full call number | Barcode | Date last seen | Price effective from | Koha item type |
|---|---|---|---|---|---|---|---|---|---|---|
| UMT Main Campus | UMT Main Campus | 2018-09-06 | 220 HOL- | 124227 | 2025-12-31 | 2018-09-06 | Books |
